[Event "7. Festival GEMA - Cerrado MI"]
[Site "Mondariz ESP"]
[Date "2008.01.02"]
[Round "6.5"]
[White "Moreno Gracia, Daniel"]
[Black "Frois, Antonio"]
[Result "1/2-1/2"]
[WhiteElo "2234"]
[BlackElo "2354"]
[PlyCount "27"]
[EventDate "2007.12.26"]
[EventType "tourn"]
[EventRounds "9"]
[EventCountry "ESP"]
[EventCategory "2"]
[Source "lmi"]
[SourceDate "2007.12.26"]

1. c4 e6 2. g3 d5 3. d4 Nf6 4. Nf3 c5 5. cxd5 exd5 6. Bg2 Nc6 7. Nc3 Be7 8. O-O
O-O 9. dxc5 Bxc5 10. Bg5 d4 11. Ne4 Be7 12. Bxf6 Bxf6 13. Qd2 Re8 14. Nxf6+
1/2-1/2

[Event "7. Festival GEMA - Cerrado MI"]
[Site "Mondariz ESP"]
[Date "2008.01.03"]
[Round "7.3"]
[White "Hernandez Leon, Alberto"]
[Black "Astaneh Lopez, Alex"]
[Result "1-0"]
[WhiteElo "2207"]
[BlackElo "2342"]
[PlyCount "94"]
[EventDate "2007.12.26"]
[EventType "tourn"]
[EventRounds "9"]
[EventCountry "ESP"]
[EventCategory "2"]
[Source "lmi"]
[SourceDate "2007.12.26"]

1. e4 c5 2. Nf3 d6 3. d4 cxd4 4. Nxd4 Nf6 5. Nc3 a6 6. Bg5 e6 7. f4 Nbd7 8. Qf3
Qc7 9. O-O-O b5 10. e5 Bb7 11. Qh3 dxe5 12. Nxe6 fxe6 13. Qxe6+ Be7 14. Bxb5
O-O-O 15. Bxd7+ Rxd7 16. Bxf6 Bxf6 17. Na4 Bd8 18. Rd3 Bc6 19. Rc3 Kb7 20. Nc5+
Kb6 21. Qc4 Bb5 22. Nxd7+ Qxd7 23. Qc5+ Kb7 24. Rd1 Qc6 25. Qb4 Qb6 26. a4 Bc6
27. Qc4 Qc7 28. Rb3+ Ka7 29. Qc5+ Ka8 30. Rc3 Bxg2 31. Qxc7 Bxc7 32. Rxc7 exf4
33. Rxg7 f3 34. Rg1 Re8 35. R7xg2 fxg2 36. Rxg2 Re7 37. b3 Kb7 38. Kb2 Kc6 39.
Rg5 Re6 40. b4 Rh6 41. Rg2 Kd5 42. Kb3 Rh3+ 43. c3 h5 44. Rg6 Rxh2 45. Rxa6 h4
46. Rh6 h3 47. a5 Rh1 1-0

[Event "7. Festival GEMA - Cerrado MI"]
[Site "Mondariz ESP"]
[Date "2008.01.03"]
[Round "7.4"]
[White "Andres Gonzalez, Ivan"]
[Black "Pena Gomez, Manuel"]
[Result "0-1"]
[WhiteElo "2381"]
[BlackElo "2320"]
[PlyCount "116"]
[EventDate "2007.12.26"]
[EventType "tourn"]
[EventRounds "9"]
[EventCountry "ESP"]
[EventCategory "2"]
[Source "lmi"]
[SourceDate "2007.12.26"]

1. e4 c5 2. Nf3 d6 3. d4 cxd4 4. Nxd4 Nf6 5. Nc3 a6 6. Be2 e5 7. Nb3 Be7 8. Bg5
O-O 9. Bxf6 Bxf6 10. Nd5 Bg5 11. Bg4 Be6 12. O-O Nd7 13. g3 Rc8 14. f4 Bh6 15.
c3 Rc4 16. Qd3 Ra4 17. Ne3 exf4 18. Bxe6 Ne5 19. Qc2 Qb6 20. Nd4 Rxd4 21. cxd4
Qxd4 22. gxf4 Qxe3+ 23. Kh1 Bxf4 24. Bd5 b6 25. Rae1 Qd3 26. Re2 g5 27. Qxd3
Nxd3 28. Rf3 Nb4 29. Rb3 Nxd5 30. exd5 b5 31. Ra3 Rc8 32. Rxa6 Rc5 33. a4 bxa4
34. Rxa4 Rxd5 35. Ra7 Be5 36. b4 Kg7 37. Rf2 Bf4 38. Rb7 Rd1+ 39. Kg2 d5 40. h4
h6 41. hxg5 hxg5 42. Rd7 Kf6 43. Re2 d4 44. b5 Be3 45. Rxe3 Rd2+ 46. Kf3 dxe3
47. Rc7 e2 48. Kf2 Rb2 49. Rc6+ Kf5 50. b6 f6 51. Rc5+ Ke4 52. Rc6 f5 53. Re6+
Kf4 54. Rc6 g4 55. b7 g3+ 56. Ke1 g2 57. Rg6 Kf3 58. Rg7 Rb1+ 0-1

[Event "7. Festival GEMA - Cerrado MI"]
[Site "Mondariz ESP"]
[Date "2008.01.03"]
[Round "7.5"]
[White "Padeiro, Jose"]
[Black "Matnadze, Ana"]
[Result "0-1"]
[WhiteElo "2278"]
[BlackElo "2390"]
[PlyCount "94"]
[EventDate "2007.12.26"]
[EventType "tourn"]
[EventRounds "9"]
[EventCountry "ESP"]
[EventCategory "2"]
[Source "lmi"]
[SourceDate "2007.12.26"]

1. d4 Nf6 2. Nf3 e6 3. c4 b6 4. e3 Bb7 5. Bd3 g6 6. O-O Bg7 7. Nc3 O-O 8. e4 d6
9. Qc2 Nc6 10. a3 Nh5 11. Ne2 Ne7 12. d5 exd5 13. exd5 Qd7 14. Nf4 Nxf4 15.
Bxf4 c6 16. dxc6 Bxc6 17. Rad1 Rac8 18. Be2 Nf5 19. Ne5 Bxe5 20. Bxe5 Bxg2 21.
Bxd6 Nxd6 22. Kxg2 Qc6+ 23. Kg1 Rfe8 24. Qd3 Qxc4 25. Qxc4 Nxc4 26. Bxc4 Rxc4
27. Rd7 Ra4 28. f3 Ra5 29. Rd2 Re3 30. Kf2 Rb3 31. Re1 Rh5 32. Kg2 Rf5 33. Rf2
Kg7 34. Re4 h5 35. Rc4 Rfb5 36. Rcc2 Rg5+ 37. Kf1 h4 38. Rc4 h3 39. Rcc2 Rf5
40. Ke2 Re5+ 41. Kf1 Ree3 42. f4 Rf3 43. f5 g5 44. Ke2 Rxf2+ 45. Kxf2 Kf6 46.
Rc7 a5 47. Rb7 g4 0-1

[Event "7. Festival GEMA - Cerrado MI"]
[Site "Mondariz ESP"]
[Date "2008.01.04"]
[Round "8.1"]
[White "Vega Gutierrez, Belinda"]
[Black "Matnadze, Ana"]
[Result "0-1"]
[WhiteElo "2085"]
[BlackElo "2390"]
[PlyCount "86"]
[EventDate "2007.12.26"]
[EventType "tourn"]
[EventRounds "9"]
[EventCountry "ESP"]
[EventCategory "2"]
[Source "lmi"]
[SourceDate "2007.12.26"]

1. e4 c6 2. d4 g6 3. Nc3 d6 4. Be3 Bg7 5. f4 Nf6 6. Nf3 O-O 7. Bd3 b5 8. a3 Qb6
9. Qd2 d5 10. e5 Ng4 11. Bg1 Nh6 12. h3 f6 13. g4 Qc7 14. Be3 fxe5 15. Nxe5 Nd7
16. O-O-O Nf7 17. Nxf7 Rxf7 18. f5 Nf8 19. Bh6 gxf5 20. gxf5 Bxf5 21. Bxg7 Kxg7
22. Qg5+ Bg6 23. Rdf1 Rxf1+ 24. Rxf1 Ne6 25. Qg4 Rf8 26. Re1 Nf4 27. Bxg6 Nxg6
28. h4 Rf4 29. Qg3 Qd6 30. h5 Rf1 31. h6+ Kg8 32. Qe3 Qf4 33. Kd2 Rxe1 34. Qxf4
Nxf4 35. Kxe1 Kf7 36. Nd1 Kg6 37. Ne3 Kg5 38. Kf2 Ng6 39. Kg3 Nh4 40. Ng4 Nf5+
41. Kh3 Nxd4 42. c3 Ne6 43. Ne5 Nd8 0-1

[Event "7. Festival GEMA - Cerrado MI"]
[Site "Mondariz ESP"]
[Date "2008.01.04"]
[Round "8.4"]
[White "Moreno Gracia, Daniel"]
[Black "Hernandez Leon, Alberto"]
[Result "1-0"]
[WhiteElo "2234"]
[BlackElo "2207"]
[PlyCount "89"]
[EventDate "2007.12.26"]
[EventType "tourn"]
[EventRounds "9"]
[EventCountry "ESP"]
[EventCategory "2"]
[Source "lmi"]
[SourceDate "2007.12.26"]

1. e4 c5 2. Nf3 d6 3. d4 cxd4 4. Nxd4 e5 5. Bb5+ Bd7 6. Bxd7+ Qxd7 7. Nf5 Nf6
8. Nc3 Nxe4 9. Nxe4 Qxf5 10. Nxd6+ Bxd6 11. Qxd6 Nc6 12. O-O Qxc2 13. Be3 Rd8
14. Qa3 Qd3 15. b3 b6 16. Rac1 Qd7 17. f4 Nd4 18. Rfe1 Qe7 19. Qxe7+ Kxe7 20.
Rc7+ Rd7 21. Bxd4 Rxc7 22. Bxe5 Rcc8 23. Bxg7+ Kd6 24. Be5+ Kd7 25. Bxh8 Rxh8
26. Kf2 Rc8 27. Kf3 Kd6 28. Re2 Rc5 29. g4 Rc3+ 30. Ke4 Rc5 31. f5 Ke7 32. Kf4+
Kf6 33. g5+ Kg7 34. h4 h6 35. f6+ Kh7 36. Re8 hxg5+ 37. hxg5 a6 38. Rf8 Rc7 39.
Kf5 Rc5+ 40. Kg4 Rc7 41. Kh5 b5 42. Rxf7+ Rxf7 43. g6+ Kg8 44. gxf7+ Kxf7 45.
Kg5 1-0

[Event "7. Festival GEMA - Cerrado MI"]
[Site "Mondariz ESP"]
[Date "2008.01.05"]
[Round "9.2"]
[White "Hernandez Leon, Alberto"]
[Black "Frois, Antonio"]
[Result "1/2-1/2"]
[WhiteElo "2207"]
[BlackElo "2354"]
[PlyCount "40"]
[EventDate "2007.12.26"]
[EventType "tourn"]
[EventRounds "9"]
[EventCountry "ESP"]
[EventCategory "2"]
[Source "lmi"]
[SourceDate "2007.12.26"]

1. e4 c5 2. Nf3 Nc6 3. d4 cxd4 4. Nxd4 g6 5. Nc3 Bg7 6. Be3 Nf6 7. Bc4 O-O 8.
Bb3 a5 9. O-O Nxd4 10. Bxd4 d6 11. a4 Bd7 12. Re1 Bc6 13. Nd5 Nd7 14. c3 Nc5
15. Bc2 e6 16. Bxg7 Kxg7 17. Qd4+ f6 18. b4 axb4 19. cxb4 exd5 20. bxc5 dxc5
1/2-1/2

[Event "7. Festival GEMA - Cerrado MI"]
[Site "Mondariz ESP"]
[Date "2008.01.05"]
[Round "9.3"]
[White "Andres Gonzalez, Ivan"]
[Black "Moreno Gracia, Daniel"]
[Result "1/2-1/2"]
[WhiteElo "2381"]
[BlackElo "2234"]
[PlyCount "35"]
[EventDate "2007.12.26"]
[EventType "tourn"]
[EventRounds "9"]
[EventCountry "ESP"]
[EventCategory "2"]
[Source "lmi"]
[SourceDate "2007.12.26"]

1. Nf3 Nf6 2. c4 e6 3. g3 d5 4. Bg2 dxc4 5. O-O Nbd7 6. Qa4 a6 7. Qxc4 b5 8.
Qc6 Rb8 9. Qc2 c5 10. d4 Bb7 11. a4 Be4 12. Qd1 cxd4 13. axb5 axb5 14. Nxd4
Bxg2 15. Kxg2 Qb6 16. Nc3 b4 17. Na4 Qb7+ 18. f3 1/2-1/2

[Event "7. Festival GEMA - Cerrado MI"]
[Site "Mondariz ESP"]
[Date "2008.01.05"]
[Round "9.4"]
[White "Padeiro, Jose"]
[Black "Astaneh Lopez, Alex"]
[Result "0-1"]
[WhiteElo "2278"]
[BlackElo "2342"]
[PlyCount "80"]
[EventDate "2007.12.26"]
[EventType "tourn"]
[EventRounds "9"]
[EventCountry "ESP"]
[EventCategory "2"]
[Source "lmi"]
[SourceDate "2007.12.26"]

1. c4 e5 2. Nc3 Nc6 3. g3 g6 4. Bg2 Bg7 5. Rb1 a5 6. a3 Nf6 7. b4 axb4 8. axb4
O-O 9. e3 d6 10. d3 Ne7 11. e4 c6 12. Qb3 Be6 13. Nf3 b5 14. Ng5 Bd7 15. cxb5
cxb5 16. O-O Ra6 17. h3 h6 18. Nf3 Be6 19. Qb2 d5 20. Ra1 Rxa1 21. Qxa1 Qb8 22.
Bb2 d4 23. Ne2 Nd7 24. Qa6 Qb6 25. Ra1 Nc6 26. Qa3 Rc8 27. Bc1 Rc7 28. Bd2 Ra7
29. Qb2 Bf8 30. Nh4 Rxa1+ 31. Qxa1 Nxb4 32. Qb1 Qc5 33. f4 Qc2 34. Qxc2 Nxc2
35. f5 Ba2 36. Nc1 b4 37. Nxa2 b3 38. Nc3 dxc3 39. Bxc3 Bc5+ 40. Kf1 Bd4 0-1

[Event "7. Festival GEMA - Cerrado MI"]
[Site "Mondariz ESP"]
[Date "2008.01.05"]
[Round "9.5"]
[White "Matnadze, Ana"]
[Black "Pena Gomez, Manuel"]
[Result "1/2-1/2"]
[WhiteElo "2390"]
[BlackElo "2320"]
[PlyCount "73"]
[EventDate "2007.12.26"]
[EventType "tourn"]
[EventRounds "9"]
[EventCountry "ESP"]
[EventCategory "2"]
[Source "lmi"]
[SourceDate "2007.12.26"]

1. d4 Nf6 2. g3 g6 3. Bg2 Bg7 4. Nf3 O-O 5. O-O d6 6. c4 Nc6 7. Nc3 a6 8. d5
Na5 9. Nd2 c5 10. Rb1 Rb8 11. b3 b5 12. Bb2 Bh6 13. e3 bxc4 14. Nxc4 Nxc4 15.
bxc4 Qa5 16. Ba1 Bd7 17. Qc2 Bg7 18. Ne4 Ba4 19. Qd2 Qxd2 20. Nxd2 Nd7 21. Bxg7
Kxg7 22. Rfc1 Nb6 23. Rb2 Nd7 24. Rcb1 Rxb2 25. Rxb2 Rb8 26. Rxb8 Nxb8 27. f4
Nd7 28. Kf2 Nb6 29. e4 Bc2 30. Ke3 Na4 31. e5 Nc3 32. Be4 Nd1+ 33. Kf3 Ba4 34.
Bd3 Nb2 35. Ke3 Nd1+ 36. Kf3 Nb2 37. Ke3 1/2-1/2